header

The meaning of dwelling features (Record no. 61688)

MARC details
000 -LEADER
fixed length control field 01477nam a2200349Ia 4500
100 1# - MAIN ENTRY--AUTHOR NAME
Personal name Coolen, Henny,
245 14 - TITLE STATEMENT
Title The meaning of dwelling features
260 ## - PUBLICATION, DISTRIBUTION, ETC. (IMPRINT)
Place of publication Amsterdam :
Name of publisher Delft University Press,
Year of publication c2008.
300 ## - PHYSICAL DESCRIPTION
Number of Pages 153 p. :
Other physical details ill.
490 1# - SERIES STATEMENT
Series statement Sustainable urban areas,
500 ## - GENERAL NOTE
General note Originally presented as the author's thesis (doctoral)--Delft University of Technology, Delft, 2008.
650 #0 - SUBJECT ADDED ENTRY--TOPICAL TERM
Topical Term Dwellings.
Topical Term Housing.
Topical Term Architecture, Domestic.
856 40 - ELECTRONIC LOCATION AND ACCESS
Uniform Resource Identifier http://site.ebrary.com/lib/rucke/Doc?id=10309223

No items available.

© 2026 Rongo University
Contact us: librarian | system librarian | Rongo university